Clinical psychology : scientific and professional dimensions /

Bibliographic Details
Main Author: Kendall, Philip C.
Other Authors: Ford, Julian D.
Format: Book
Language:English
Published: New York : Wiley, [1982]
Subjects:

MARC

Tag First Indicator Second Indicator Subfields
LEADER 00000pam a2200000 a 4500
001 in00000089603
005 20151008065432.0
008 811002s1982 nyua b 00110 eng
010 |a  81016035  
020 |a 0471043508 
035 |a (OCoLC)07875770 
035 |9 AAK5942AM 
039 0 |a 2  |b 3  |c 3  |d 3  |e 3 
040 |a DLC  |c DLC  |d TXA  |d UtOrBLW 
049 |a TXAM  |c [1561413] 
050 0 0 |a RC467  |b .K46 
082 0 |a 616.89  |2 19 
100 1 |a Kendall, Philip C. 
245 1 0 |a Clinical psychology :  |b scientific and professional dimensions /  |c Philip C. Kendall, Julian D. Norton-Ford. 
264 1 |a New York :  |b Wiley,  |c [1982] 
264 4 |c ©1982 
300 |a 699 pages :  |b illustrations ;  |c 24 cm. 
336 |a text  |b txt  |2 rdacontent 
337 |a unmediated  |b n  |2 rdamedia 
338 |a volume  |b nc  |2 rdacarrier 
500 |a Includes index. 
504 |a Bibliography: pages 595-675. 
650 0 |a Clinical psychology. 
700 1 |a Ford, Julian D. 
999 |a MARS 
999 f f |s e25573a2-acfb-317a-8729-f47ea3fc7a1f  |i 07f0db40-48ee-30b1-b5db-e9fefa109e8c  |t 0 
952 f f |p ric  |a Texas A&M University  |b Rellis Campus  |c Joint Library Facility  |d Remote Storage  |t 0  |e RC467 .K46  |h Library of Congress classification  |i unmediated -- volume  |m A14806229780 
998 f f |a RC467 .K46  |t 0  |l Remote Storage